000 00988nam a2200277Ia 4500
003 OSt
005 20220923211215.0
006 a|||||r|||| 00| 0
007 ta
008 220922b |||||||| |||| 00| 0 hin d
020 _a9788126330423 (hbk)
_c1300
024 _a276,594
037 _b251, 24/10/2013, Swaraj Prakashan
_cTextual
040 _aARTS
_cARTS
_bhin
041 _2hin
_ahin
082 _aO152,3N44,SR, Q1
100 _aमेवारम
_9159655
245 0 _aसुल्तान रजिया
246 _aSultān rajiyā
260 _aनयी दिल्ली
_b भारतीय ज्ञानपीठ
_c2011
300 _a669पृ.
_ccm.
490 _aलोकोदय ग्रन्थमाला; ग्रन्थांक 1083
650 _aहिन्दी साहित्य
_9156264
942 _hO152,3N44,SR, Q1
_cTEXL
_2CC
999 _c296888
_d296888